000 00586nam a2200217Ia 4500
005 20250326140716.0
008 250326s9999 xx 000 0 und d
037 _aTextbook
040 _aFMSL
_beng
_cFMSL
041 _aeng
_2eng
084 _aT:3obX.8 Q0
_qFMSL
100 _aPassmore J
_9742881
245 0 _aExcellence in coaching : industry guide
_cPassmore J
250 _a2
260 _aNew Delhi
_bNew Delhi, Kogan Page
_c2010
300 _a263p
365 _b1777.1885
650 _aManagement
942 _cTB
_hT:3obX.8 Q0
999 _c1286956
_d1286956